000 01084nam a2200265 i 4500
001 123251
003 ES-MaACL
005 20251217152757.0
007 t|
008 070214s1915 sp r ||||0| spa d
080 _a821.134..2-14"19"
100 1 _aQuesada, Alonso.
_994556
245 1 3 _aEl lino de los sueños /
_cAlonso Quesada ; con prólogo de D. Miguel de Unamuno y una epístola en versos castellanos por Tomás Morales ; cubierta y retrato del autor por Néstor [Martín Fernández de la Torre].
260 _aMadrid :
_b[s.n.],
_c1915 (
_fImp. Clásica Española)
300 _a1 lám., XVII, 145 p. ;
_c20 cm.
530 _aDisponible en formato digital.
594 _aAlonso Quesada es seud. de Rafael Romero Quesada.
700 1 _aUnamuno, Miguel de,
_d1864-1936
_9111982
700 1 _aMorales, Tomás,
_d1885-1921
_983010
700 1 _aNéstor,
_d1887-1938
_9138275
852 _aES-MaACL
_jF-7215
_cDEPO2
856 4 _uhttp://bdh-rd.bne.es/viewer.vm?id=0000248122&page=1
_y(Biblioteca Digital Hispánica)
942 _2udc
999 _c123251
_d123251